Statistics for Rolling Stone's 50 Greatest Canadian Artists of All Time

Click here to take the quiz!

General Stats

  • This quiz has been taken 56 times
  • The average score is 17 of 50

Answer Stats

NumberSongArtist% Correct
10My Heart Will Go OnCéline Dion
90%
9IronicAlanis Morissette
83%
5Hotline BlingDrake
83%
2Heart of GoldNeil Young
83%
1Big Yellow TaxiJoni Mitchell
81%
7Man! I Feel Like a Woman!Shania Twain
79%
4HallelujahLeonard Cohen
77%
26American WomanThe Guess Who
71%
11The Wreck of the Edmund FitzgeraldGordon Lightfoot
69%
22ComplicatedAvril Lavigne
67%
30HeavenBryan Adams
65%
14Call Me MaybeCarly Rae Jepsen
65%
32112Rush
63%
17Love YourselfJustin Bieber
60%
6The Night They Drove Old Dixie DownThe Band
50%
8Can't Feel My FaceThe Weeknd
50%
32Working for the WeekendLoverboy
46%
45One WeekBarenaked Ladies
44%
19I've Been EverywhereHank Snow
40%
50The InformerSnow
38%
35PromiscuousNelly Furtado
37%
34You Needed MeAnne Murray
29%
18New Orleans is SinkingThe Tragically Hip
29%
40Constant Cravingk.d. lang
27%
43In Too DeepSum 41
27%
211234Feist
25%
49Echo BeachMartha and the Muffins
23%
24AngelSarah McLachlan
21%
20Money City ManiacsSloan
21%
27StitchesShawn Mendes
19%
12Wake UpArcade Fire
17%
47Just Between You and MeApril Wine
15%
37Scars To Your BeautifulAlessia Cara
13%
36Anthems For A Seventeen Year-Old GirlBroken Social Scene
10%
28Universal SoldierBuffy Sainte-Marie
10%
42F**k the Pain AwayPeaches
10%
29Archie, Marry MeAlvvays
8%
25The House That Heaven BuiltJapandroids
8%
23KaputtDestroyer
6%
31StormGodspeed You! Black Emperor
6%
15ChallengersNew Pornographers
6%
41Black SheepMetric
4%
13I Was a FoolTegan and Sara
4%
48Better Things To DoTerri Clark
4%
46Best Part (ft. H.E.R)Daniel Caesar
2%
44Freeze MeDeath From Above 1979
2%
16Heart Like a WheelKate and Anna McGarrigle
2%
38That's ProgressD.O.A
0%
39Break From TorontoPartyNextDoor
0%
33SpasticRichie Hawtin
0%

Score Distribution

Percentile by Number Answered

Percent of People with Each Score

Your Score History

You have not taken this quiz